000 00746nam a2200241 a 4500
001 64622
003 BD-RjUL
005 20211209081328.0
008 170216s1960 bg ||||| |||| 00| p ben d
020 _c:TK. 1.60
035 _a(BD-RjUL)64752
040 _aBD-RjUL
_bben
_cBD-RjUL
041 _aben
082 _223
_a891.441
_bUDB 1960
100 1 _aউদদীন, জসীম
_9146439
245 1 0 _aবালুচর /
_cজসীম উদদীন
250 _a৫ম সং.
260 _aঢাকা :
_bজামাল আনোয়ার,
_c১৯৬০
300 _a৬৪ পৃ ;
_c২১ সেমি.
650 _aবাংলা কবিতা
_9146440
650 _aBengali Poetry
_9146441
942 _2ddc
_cBK
999 _c64622
_d64622